000 00443nam a2200133Ia 4500
008 220217s9999 xx 000 0 und d
245 0 _aSurgical rubber gloves-specification. (First Revision). first reprint September 1991. (Incorporating Amendment No.1)
260 _aNew Delhi
260 _c1989
_bBIS
490 _aRubber Product Sectional Committee, PCDC 13
500 _aStandard number: IS 4148
650 _aRubber gloves
942 _cST
999 _c73766
_d73766